| 000 | 00970nam a2200253 i 4500 | ||
|---|---|---|---|
| 001 | 88712 | ||
| 003 | ES-MaACL | ||
| 005 | 20250727030120.0 | ||
| 007 | t| | ||
| 008 | 050105s1942 sp a ||||1| spa d | ||
| 080 | _a159.925.2 | ||
| 100 | 1 |
_aLange, Fritz. _970016 |
|
| 245 | 1 | 3 |
_aEl lenguaje del rostro _b: una fisiognómica científica y su aplicación práctica a la vida y al arte / _cpor Fritz Lange ; traducción del alemán por Fermín Fernández ; con un estudio preliminar sobre "Fisiognómica y Patognómica" / por Ramón Sarró. |
| 250 | _a[1ª ed.]. | ||
| 260 |
_aBarcelona : _bLuis Miracle, _c[1942] ( _fAgustín Núñez) |
||
| 300 |
_a366 p., 1 lám. : _bil. ; _c22 cm. |
||
| 490 | 1 |
_aBiblioteca de antropología ; _v2 |
|
| 650 | 0 | 4 |
_aFisiognomía. _912889 |
| 700 | 1 |
_aFernandez, Fermín. _949360 |
|
| 700 | 1 |
_aSarró, Ramón. _9103872 |
|
| 830 | 0 |
_aBiblioteca de antropología _v2 _9180743 |
|
| 852 |
_aES-MaACL _jC-4769 |
||
| 999 |
_c88712 _d88712 |
||